00985nam a2200217 a 450000100100000000500170001000800410002702000180006804000250008608200150011110000320012624500730015826000430023130000270027450000630030159000260036495201280039095201130051895201190063199900170075000004687420201002053156.0180404s2014 dr a 000 0 spa d z0789945083675 aDO-SdBNPbspacBNPHU axxxxbxxxx1 aJean, Janclo,d1969-97482313aEl tabernaculo de Moises :buna revelación de Dios /cJanclo Jean. aSanto Domingo :bCM Publicidad,c2014. a83 p. :bil. ;c21 cm. aIncluye datos biográficos del autor en la contracubierta aInventariado, 2018/BT 001054708DSaGRbGRcHDd2018-04-04iLF1l0oxxxx xxxxp46874-30r2020-06-25te. 3w2020-06-25yLFDSZPréstamo en sala 0010718PDaPDbPDcHDd2018-04-04iLF1l0oxxxx xxxxp46874-10r2020-06-25w2020-06-25yLFPDZNo se presta 0010718PDaPDbPDcHDd2018-04-04iLF1l0oxxxx xxxxp46874-20r2020-06-25te. 2w2020-06-25yLFPDZNo se presta c46363d46363